Kremnica námestie : Sv. Trojica : zámocký kostol

Bibliographic Details
Format: Photo
Language:Slovak
PhysicalDescription:1 pohľadnica čiernobiela 9 x 14 cm
Published: Bratislava Kriváň 1948
Subjects:

MARC

LEADER 00000nkm a2200000 a 4500
001 vtls010263676
003 SK-MaSNL
005 20260301131758.0
007 kf bo
008 231214s1948 xo g kuslo
015 |a SNBG 
035 |a FCABE84B-382E-44B2-B5E5-B70DEEE31994 
035 |a urn:nbn:sk:snk-kmxvlk 
035 |a urn:nbn:sk:snk-km007b2z 
040 |a SNK  |b slo  |c SNK  |e AACR2 
041 0 |a slo 
043 |a e-xo--- 
044 |a xo  |c SK 
080 |a 27-526.64  |2 2001 
080 |a 726.54  |2 2001 
080 |a 27-144.89  |2 2001 
080 |a 913(437.6)  |2 2001 
080 |a (084.121)  |2 2001 
245 0 0 |a Kremnica  |h grafika  |b námestie : Sv. Trojica : zámocký kostol 
260 |a Bratislava  |b Kriváň  |c 1948 
300 |a 1 pohľadnica  |b čiernobiela  |c 9 x 14 cm 
650 0 7 |a súsošia  |2 SNKPH  |9 81386 
650 0 7 |a kostoly  |2 SNKPH  |9 3023 
650 0 7 |a Najsvätejšia Trojica  |2 SNKPH  |9 79135 
651 7 |a Kremnica (Slovensko)  |2 SNKPH  |9 26188 
655 7 |a miestne pohľadnice  |2 SNKPH  |9 70510 
852 |a Slovenská národná knižnica 
958 |a GBN 
958 |a GC 
958 |a OND 
958 |a EUIPO 
999 |c 749113  |d 751043 
952 |a SNK  |b SNK  |y PREZ  |7 0  |p 17A0693928  |o snkSP 164  |i snk164/84  |0 0  |1 0  |4 0  |d 2011-03-14  |f 1  |l 0  |r 2026-02-23 23:26:41  |w 2026-02-23